| 000 | 00546nam a22001817a 4500 | ||
|---|---|---|---|
| 999 |
_c19074 _d19074 |
||
| 008 | 240212b ||||| |||| 00| 0 eng d | ||
| 020 | _a9786214780181 | ||
| 082 |
_aDFil 796.3 _bT122 2022 |
||
| 100 |
_aTaeza, Elenita. _950906 |
||
| 245 |
_aTeam sports / _cElenita Taeza. |
||
| 260 |
_aManila : _bEdric Publishing House, _c©2022. |
||
| 300 |
_a123 pages : _billustrations ; _c25 cm. |
||
| 500 | _aIncludes bibliography. | ||
| 650 |
_aBall games. _952465 |
||
| 650 |
_aVolleyball. _952466 |
||
| 650 |
_aBasketball. _952467 |
||
| 942 |
_2ddc _cDFIL |
||